000 00757nam a2200253 a 4500
001 45476
003 BD-RjUL
005 20211209054023.0
008 160726s1968 enka b 000 0 eng
035 _a(BD-RjUL)45594
035 _a1795825
040 _aLC
_beng
_cLC
041 _aeng
082 0 4 _a339.3593
_bUSP 1968
100 1 _aUsher, Dan,
_d1934-
_9139226
245 1 4 _aThe price mechanism and the meaning of national income statistics /
_cDan Usher
260 _aOxford :
_bClarendon P.,
_c1968.
300 _axxiii, 180 p. :
_bill. ;
_c23 cm.
504 _aBibliographical footnotes.
650 0 _aNational income
_xAccounting.
_9131688
650 0 _aNational income
_xThailand
_zAccounting.
_9139227
942 _2ddc
_cBK
999 _c45476
_d45476